00338pab a2200133 454500008004000000100001900040245003300059260000900092300001500101362001400116650003600130650002200166773001600188180718b2011 xxu||||| |||| 00| 0 eng d aRammohan, E.N. aThe Indo - Bangladesh border c2011 ap.548-554. aOct - Dec aIndia - Boundaries - Bangladesh aBoundary disputes aUSI Journal